00548 a2200157 45000010006000000050017000060080041000230030015000640400040000790800162001192450028002812640027003093000019003360410008003551000027003636302320260407155924.0260407a1948 arg spa dAR-UNSa-BCEJYS aAR-UNSa-BCEJYSbspacAR-UNSa-BCEJYS a51-7xEstudios y métodos matemáticos en otros campos del conocimiento. Matemáticas científicas. Matemáticas actuariales (Matemáticas Financieras)10aMatemática del seguro 1aMadrid :bDossatc1948 a690 p.c25 cm. aspa1 aLasheras Sanz, Antonio